[Event "IRI-ch U10"]
[Site "Chess.com INT"]
[Date "2021.01.16"]
[Round "10"]
[White "Keshavarz Meshkinfam, Rahan"]
[Black "Poormosavi, Seyed Kanan"]
[Result "0-1"]
[WhiteElo "1023"]
[BlackElo "1440"]
[PlyCount "128"]
[EventDate "2021.01.16"]
[EventType "swiss"]
[EventRounds "11"]
[EventCountry "IRI"]
[SourceTitle "EXT 2022"]
[Source "ChessBase"]
[SourceDate "2021.10.06"]
[SourceVersion "1"]
[SourceVersionDate "2021.10.06"]
[SourceQuality "1"]

1. d4 Nf6 2. Nf3 e6 3. e3 b6 4. Bd3 Bb7 5. Nbd2 Be7 6. b3 d6 7. Bb2 Nbd7 8. c4 0-0 9. 0-0 c5 10. dxc5 Nxc5 11. Qc2 h6 12. b4 Nxd3 13. Qxd3 Qc7 14. Rfe1 Rfd8 15. Qc3 Rac8 16. e4 Bf8 17. e5 Ne8 18. exd6 Nxd6 19. Rac1 Qb8 20. c5 bxc5 21. bxc5 Ne8 22. Nb3 Bxf3 23. Qxf3 Bxc5 24. Qg3 Qxg3 25. hxg3 Bb4 26. Rxc8 Rxc8 27. Re4 Be7 28. Ra4 Rc7 29. Bd4 Bf6 30. Rxa7 Bxd4 31. Rxc7 Bxf2+ 32. Kxf2 Nxc7 33. a4 Kf8 34. Ke3 Ke7 35. Kd4 Kd6 36. a5 f5 37. Nc5 g5 38. a6 h5 39. Nb7+ Kc6 40. Nd8+ Kd7 41. Nf7 g4 42. Ne5+ Kd6 43. Nf7+ Ke7 44. Ne5 Nxa6 45. Ke3 Nb4 46. Ng6+ Kf6 47. Nf4 Nd5+ 48. Nxd5+ exd5 49. Kd4 Ke6 50. Kd3 Ke5 51. Ke3 d4+ 52. Kd3 Kd5 53. Ke2 Ke4 54. Kd2 d3 55. Ke1 Kd4 56. Kd2 Ke4 57. Ke1 Ke3 58. Kd1 f4 59. Ke1 fxg3 60. Kd1 h4 61. Ke1 h3 62. gxh3 gxh3 63. Kf1 d2 64. Kg1 d1R# 0-1